000 00284 a2200109 4500
001 ART_17512
005 20260410161750.0
008 260409a
245 1 0 _aHow the mighty fall
100 1 _aCollins, Jim
773 0 _tBook Summary
_g- NÂș 14 (ene. 2011)
_wREV4099
999 _c19581
_d19581